[Event "Mont de Marsan Noel op 14th"]
[Site "Mont de Marsan"]
[Date "2017.12.26"]
[Round "2"]
[White "Cazeaux, Didier"]
[Black "Tejedor Fuente, Enrique"]
[Result "0-1"]
[WhiteElo "1922"]
[BlackElo "2370"]
[PlyCount "28"]
[EventDate "2017.12.26"]
[EventType "swiss"]
[EventRounds "9"]
[EventCountry "FRA"]
[SourceTitle "EXT 2019"]
[Source "ChessBase"]
[SourceDate "2018.10.10"]
[SourceVersion "1"]
[SourceVersionDate "2018.10.10"]
[SourceQuality "1"]

1. e4 c5 2. Nc3 Nc6 3. f4 g6 4. Nf3 Bg7 5. Bc4 e6 6. f5 Nge7 7. fxe6 dxe6 8. d3 0-0 9. 0-0 Nd4 10. Ne2 Nxf3+ 11. Rxf3 Nc6 12. Rf1 Ne5 13. Bb3 b5 14. Be3 Ng4 0-1

[Event "Rochefort op-B 16th"]
[Site "Rochefort"]
[Date "2017.02.18"]
[Round "3"]
[White "Cazeaux, Didier"]
[Black "Favre, Bruno"]
[Result "1-0"]
[WhiteElo "1751"]
[BlackElo "1877"]
[PlyCount "67"]
[EventDate "2017.02.18"]
[EventType "swiss"]
[EventRounds "9"]
[EventCountry "FRA"]
[SourceTitle "CBM 177 Extra"]
[Source "ChessBase"]
[SourceDate "2017.04.27"]
[SourceVersion "1"]
[SourceVersionDate "2017.04.27"]
[SourceQuality "1"]

1. e4 c6 2. d4 d5 3. e5 Bf5 4. h4 h5 5. c4 e6 6. Nc3 dxc4 7. Bxc4 Nd7 8. Nge2 b5 9. Bb3 Nb6 10. Ng3 Bg6 11. Bg5 Be7 12. Nge4 Bxg5 13. hxg5 Nc8 14. a3 Nge7 15. g4 h4 16. Qd2 Nd5 17. Nc5 a5 18. N3e4 a4 19. Bc2 Bxe4 20. Bxe4 g6 21. f4 Ncb6 22. Nb7 Qc7 23. Nd6+ Ke7 24. f5 gxf5 25. gxf5 exf5 26. Bxf5 Rag8 27. 0-0-0 Rh5 28. Rdg1 Nd7 29. Ne4 N7b6 30. Nc5 Nc4 31. Qf2 Rhxg5 32. Rxg5 Rxg5 33. Qxh4 f6 34. Qh7+ 1-0

[Event "Ambes op 3rd"]
[Site "Ambes"]
[Date "2010.04.29"]
[Round "6"]
[White "Cazeaux, Didier"]
[Black "Maisonnet, Emmanuel"]
[Result "1-0"]
[WhiteElo "1864"]
[BlackElo "1742"]
[PlyCount "87"]
[EventDate "2010.04.24"]
[EventType "swiss"]
[EventRounds "9"]
[EventCountry "FRA"]
[SourceTitle "EXT 2011"]
[Source "ChessBase"]
[SourceDate "2010.11.26"]
[SourceVersion "1"]
[SourceVersionDate "2010.11.26"]
[SourceQuality "1"]

1. e4 d6 2. Nc3 Nf6 3. g3 g6 4. Bg2 Bg7 5. Nge2 c5 6. 0-0 Nc6 7. d3 0-0 8. h3 Ne8 9. g4 e6 10. f4 Ne7 11. Ng3 f5 12. gxf5 Bd4+ 13. Kh2 gxf5 14. Nce2 Ng6 15. Nxd4 cxd4 16. exf5 exf5 17. Bd5+ Kh8 18. b3 Qh4 19. Qd2 Nf6 20. Qg2 Ng4+ 21. Kg1 Ne3 22. Bxe3 dxe3 23. Ne2 Ne7 24. Kh2 Rf6 25. Qg5 Qxg5 26. fxg5 Rg6 27. Bg2 Rxg5 28. Rf4 Be6 29. Bxb7 Rf8 30. Rf3 f4 31. Rxf4 Rxf4 32. Nxf4 Bf7 33. Re1 Nf5 34. Ng2 Rg3 35. Be4 Rg5 36. Nxe3 Nd4 37. Rf1 Bg6 38. Bxg6 hxg6 39. Rf2 Kg7 40. c3 Ne6 41. d4 a6 42. Nc4 d5 43. Ne5 Kh6 44. Nf7+ 1-0

[Event "Ambes op 3rd"]
[Site "Ambes"]
[Date "2010.04.27"]
[Round "4"]
[White "Le Hetet, Nicolas"]
[Black "Cazeaux, Didier"]
[Result "1-0"]
[WhiteElo "2149"]
[BlackElo "1864"]
[PlyCount "73"]
[EventDate "2010.04.24"]
[EventType "swiss"]
[EventRounds "9"]
[EventCountry "FRA"]
[SourceTitle "EXT 2011"]
[Source "ChessBase"]
[SourceDate "2010.11.26"]
[SourceVersion "1"]
[SourceVersionDate "2010.11.26"]
[SourceQuality "1"]

1. e4 d5 2. exd5 Qxd5 3. Nc3 Qa5 4. d4 Nf6 5. Nf3 Bg4 6. h3 Bxf3 7. Qxf3 c6 8. Bd2 Nbd7 9. 0-0-0 e6 10. Bc4 Be7 11. Nd5 Qd8 12. Nxe7 Qxe7 13. Bf4 Nb6 14. Bb3 a5 15. a3 Nbd5 16. Be5 b5 17. c3 b4 18. c4 a4 19. Bc2 bxa3 20. bxa3 Nb6 21. Qxc6+ Nfd7 22. Bd6 Qg5+ 23. f4 Qg3 24. Rd3 Qf2 25. c5 Rc8 26. Qb7 f6 27. Rd2 Qe3 28. cxb6 Rxc2+ 29. Kxc2 Qb3+ 30. Kc1 Qc3+ 31. Kd1 Qa1+ 32. Ke2 Qxh1 33. Qc8+ Kf7 34. Qxd7+ Kg6 35. Kf2 Qc1 36. Re2 Qc3 37. Bc5 1-0

[Event "Ambes op 3rd"]
[Site "Ambes"]
[Date "2010.04.26"]
[Round "3"]
[White "Zubarev, Alexander2222"]
[Black "Cazeaux, Didier"]
[Result "1-0"]
[WhiteElo "2536"]
[BlackElo "1864"]
[PlyCount "33"]
[EventDate "2010.04.24"]
[EventType "swiss"]
[EventRounds "9"]
[EventCountry "FRA"]
[SourceTitle "EXT 2011"]
[Source "ChessBase"]
[SourceDate "2010.11.26"]
[SourceVersion "1"]
[SourceVersionDate "2010.11.26"]
[SourceQuality "1"]

1. e4 d5 2. exd5 Qxd5 3. Nc3 Qa5 4. Bc4 Nf6 5. d4 Bf5 6. Bd2 c6 7. Qe2 e6 8. d5 cxd5 9. Nxd5 Qd8 10. Nxf6+ Qxf6 11. 0-0-0 Be7 12. g4 Bg6 13. Nf3 Nc6 14. Bg5 Qxg5+ 15. Nxg5 Bxg5+ 16. Kb1 0-0 17. h4 1-0